000 00220nam a22000857a 4500
008 170619b xxu||||| |||| 00| 0 eng d
100 _93504
_aWarner. G. C
245 _aThe boxer children
260 _aU. S. A
_bHarper press
_c1977
999 _c6888
_d6888